Electronic principles (Record no. 3804)

000 -LEADER
fixed length control field 00418nam a22001937a 4500
001 - CONTROL NUMBER
control field 3804
003 - CONTROL NUMBER IDENTIFIER
control field BD-DhUET
008 - FIXED-LENGTH DATA ELEMENTS--GENERAL INFORMATION
fixed length control field 0
020 ## - INTERNATIONAL STANDARD BOOK NUMBER
International Standard Book Number 007099479X
040 ## - CATALOGING SOURCE
Transcribing agency 0
Modifying agency BD-DhUET
082 ## - DEWEY DECIMAL CLASSIFICATION NUMBER
Classification number 623.81
Item number MAL/1984
100 ## - MAIN ENTRY--PERSONAL NAME
Personal name Malvino, Albert Paul
245 ## - TITLE STATEMENT
Title Electronic principles
250 ## - EDITION STATEMENT
Edition statement 3rd ed.
260 ## - PUBLICATION, DISTRIBUTION, ETC. (IMPRINT)
Place of publication, distribution, etc. New York
Name of publisher, distributor, etc. McGraw-Hill
Date of publication, distribution, etc. 1984
300 ## - PHYSICAL DESCRIPTION
Extent xiv, 754 p.
Other physical details ill.
650 #0 - SUBJECT ADDED ENTRY--TOPICAL TERM
Topical term or geographic name as entry element Electronics
942 ## - ADDED ENTRY ELEMENTS (KOHA)
Koha item type General Book
Holdings
Koha normalized classification for sorting Koha item type Sublocation or collection (holding branch) Not for loan Withdrawn status Koha date last borrowed Lost status Price effective from Date acquired Damaged status Koha issues (times borrowed) Copy number Koha full call number Location (home branch) Source of classification or shelving scheme Shelving location Piece designation (barcode) Koha date last seen
623_810000000000000_MAL_1984General BookCentral Library, BUET    2014-11-052014-11-05  1623.81/MAL/1984Central Library, BUET Circulation section796232014-11-05
623_810000000000000_MAL_1984General BookCentral Library, BUET    2014-11-052014-11-05  2623.81/MAL/1984Central Library, BUET Circulation section798152014-11-05
623_810000000000000_MAL_1984General BookCentral Library, BUET  2021-09-07 2014-11-052014-11-05 33623.81/MAL/1984Central Library, BUET Circulation section798132022-03-05
623_810000000000000_MAL_1984General BookCentral Library, BUET    2014-11-052014-11-05  4623.81/MAL/1984Central Library, BUET Circulation section798142014-11-05
623_810000000000000_MAL_1984General BookCentral Library, BUET    2014-12-012014-12-01  5623.81/MAL/1984Central Library, BUET Circulation section796242014-12-01
623_810000000000000_MAL_1984General BookCentral Library, BUET    2015-02-122015-02-12  6623.81/MAL/1984Central Library, BUET Circulation section693922015-02-12
623_810000000000000_MAL_1984Reading ItemCentral Library, BUET    2015-06-282015-06-28  7623.81/MAL/1984Central Library, BUET Reading section769262015-06-28
623_810000000000000_MAL_1984Reading ItemCentral Library, BUET    2015-07-012015-07-01  8623.81/MAL/1984Central Library, BUET Reading section642322015-07-01
623_810000000000000_MAL_1984Reading ItemCentral Library, BUET    2015-07-012015-07-01  9623.81/MAL/1984Central Library, BUET Reading section642332015-07-01